| 000 | 00572nam a2200217 a 4500 | ||
|---|---|---|---|
| 001 | BRCA_6349 | ||
| 005 | 20190320205424.0 | ||
| 008 | 170811s1926----gw-#######---#000-0#ger-# | ||
| 041 | _ager | ||
| 044 | _agw | ||
| 050 | 4 |
_aPT2603 _b.U64 W44 _c1926 |
|
| 100 | 1 |
_aBachwitz, Hanz _915918 |
|
| 245 | 1 | 0 |
_aReinfälle mit damen _ballerhand zum lachen _cvon Hans Bachwik. |
| 260 |
_aLeipzig _bWilhelm Goldmann _c1926 |
||
| 300 |
_a183 p. _c18 cm. |
||
| 500 | _aCon firma de Franz Mayer | ||
| 500 | _aK126 | ||
| 650 | 1 | 4 |
_aHumor alemán _915919 |
| 902 | _aGFM | ||
| 942 |
_2lcc _cB |
||
| 999 |
_c6035 _d6035 |
||